LEADER 00593nam a2200181 i 4500 001 000000219620 003 CaOOAMICUS 005 20260128080036.0 008 130403s1863 it u000 u ita u 013 $a198517 040 $aSeMil$bita 245 10$aTomo 2. 300 $aCXXXV, 48 p. 773 0 $aGioberti, Vincenzo <1801-1852>$tOperette politiche.$dNapoli : Dalla stamperia del Vaglio, 1863.$g2$w()28319 850 $aSeMil 852 $aSeMil$W1$xVenegono$y1$m2K V 23 FA$j169981$B169981$CSeMilBibl$Z2$F180728 $8I 996 $6245$aTomo 2$9(OLS)http://semarc/title/49331 LEADER 01312nam a2200289 i 4500 001 000000238811 003 CaOOAMICUS 005 20210121130937.0 008 150213s2009 fr u000 u fre u 013 $a217716 020 $a978-2-204-08784-1 040 $aSeMil$bita 245 10$a6: L'onction des malades :$brédemption de la chair et par la chair /$cJean-Philippe Revel. 264 1$aParis :$bLes Éditions du Cerf,$c2009. 300 $a227 p. ;$c24 cm. 490 0 $aThéologies 650 4$aSacramenti - Studi.$0(OLS)http://semarc/subject/272 650 4$aUnzione degli infermi .$0(OLS)http://semarc/subject/5582 773 0 $aRevel, Jean-Philippe <1931-2013>$tTraité des sacrements.$dParis : Les Éditions du Cerf, 2004-2015.$kThéologies$g6$w()17762 830 0$aThéologies.$0(OLS)http://semarc/title/9365 850 $aSeMil 852 $aSeMil$W1$xVenegono$y1$m2N VI 415$j189157$B189157$CSeMilBibl$Z2$F199894 $81 961 $aOmaggio: Caspani don Pierpaolo 996 $6020$a978-2-204-08784-1$9(OLS)http://semarc/number/244600 996 $6245$a6: L'onction des malades :$brédemption de la chair et par la chair$9(OLS)http://semarc/title/340230 996 $6264$aParis :$bLes Éditions du Cerf$9(OLS)http://semarc/publisher/29611